Les fondements biologiques de la géographie humaine (Record no. 171933)

MARC details
000 -LEADER
campo de control de longitud fija 00531nam a22001575i 4500
001 - NÚMERO DE CONTROL
campo de control 171933
003 - IDENTIFICADOR DE NÚMERO DE CONTROL
campo de control ES-MaACL
005 - FECHA Y HORA DE LA ÚLTIMA TRANSACCIÓN
campo de control 20250802063120.0
008 - DATOS DE LONGITUD FIJA--INFORMACIÓN GENERAL
campo de control de longitud fija 090609s1943 fr |||| | fre d
100 1# - ENTRADA PRINCIPAL--NOMBRE DE PERSONA
Nombre de persona Sorre, Maximilien,
Fechas asociadas al nombre 1880-
9 (RLIN) 107424
245 14 - MENCIÓN DEL TÍTULO
Título Les fondements biologiques de la géographie humaine
Resto del título : essai d'une écolegie de l'homme /
Mención de responsabilidad, etc. Max Sorre.
260 ## - PUBLICACIÓN, DISTRIBUCIÓN, ETC.
Lugar de publicación, distribución, etc. Paris :
Nombre del editor, distribuidor, etc. Armand Colin,
Fecha de publicación, distribución, etc. 1943.
300 ## - DESCRIPCIÓN FÍSICA
Extensión 440 p. :
Otras características físicas il., mapas ;
Dimensiones 26 cm.
852 ## - LOCALIZACIÓN
Ubicación ES-MaACL
Número de control de estantería C-5284
itemnumber R.25448
Holdings
Estatus retirado Estado de pérdida Estado de daño No para préstamo Biblioteca de origen Biblioteca actual Ubicación en estantería Fecha de adquisición Fuente de adquisición Total de préstamos Signatura topográfica completa Código de barras Visto por última vez Precio de reemplazo Tipo de ítem Koha
        Biblioteca del Ateneo de Madrid Biblioteca del Ateneo de Madrid Sala Palomar 09/06/2009     C-5284 1180438 23/02/2023 23/02/2023 Libro impreso